La Constitución : una interpretación de la constitución de los Estados Unidos de América, el federalismo, la separación de poderes y la doctrina de la revisión judicial /

Bibliographic Details
Main Authors: Corwin, Edward S. (Edward Samuel), 1878-1963 (Author), Peltason, J. W. (Jack Walter), 1923-2015 (Author)
Other Authors: Agurto Gonzáles, Carlos Antonio (Editor), Quequejana Mamani, Sonia Lidia (Editor), Choque Cuenca, Benigno (Editor), Sierra, Miguel Pi de la (Translator)
Format: Electronic eBook
Language:Spanish
Published: Santiago, Chile : Ediciones Olejnik, [2023]
Series:Biblioteca de derecho constitucional (Ediciones Olejnik)
Subjects:
Online Access:Digitalia Hispánica

MARC

LEADER 00000nam a2200000Ii 4500
001 DIGOLEJNK1324
003 NyNyDIG
006 m o d
007 cr |||||||||||
008 250902s2023 cl o 000 0 spa d
035 |a (OCoLC)1535343692 
040 |a DGITA  |b eng  |e rda  |e pn  |c DGITA 
020 |z 9789564074542 
043 |a n-us--- 
050 1 4 |a KF4541.A2 ebook 
100 1 |a Corwin, Edward S.  |q (Edward Samuel),  |d 1878-1963,  |e author. 
245 1 3 |a La Constitución :  |b una interpretación de la constitución de los Estados Unidos de América, el federalismo, la separación de poderes y la doctrina de la revisión judicial /  |c Edward S. Corwin, Jack W. Peltason ; edición al cuidado de Carlos Antonio Agurto Gonzáles, Sonia Lidia Quequejana Mamani, Benigno Choque Cuenca ; traducción de Miguel Pi de la Sierra. 
264 1 |a Santiago, Chile :  |b Ediciones Olejnik,  |c [2023] 
300 |a 1 online resource. 
336 |a text  |b txt  |2 rdacontent 
337 |a computer  |b c  |2 rdamedia 
338 |a online resource  |b cr  |2 rdacarrier 
347 |a text file  |2 rdaft 
347 |b PDF 
490 1 |a Biblioteca de derecho constitucional  
588 0 |a Online resource; title from PDF title page (Digitalia, viewed September 2, 2025) 
650 0 |a Constitutional law  |z United States. 
700 1 |a Agurto Gonzáles, Carlos Antonio,  |e editor. 
700 1 |a Quequejana Mamani, Sonia Lidia,  |e editor. 
700 1 |a Choque Cuenca, Benigno,  |e editor. 
700 1 |a Peltason, J. W.  |q (Jack Walter),  |d 1923-2015,  |e author. 
700 1 |a Sierra, Miguel Pi de la,  |e translator. 
791 2 |a Digitalia (Firm),  |e distributor. 
793 0 |g Digitalia eBook Collection:  |a Ediciones Olejnik 
776 0 8 |i Print version:  |a Corwin, Edward S. (Edward Samuel), 1878- 1963.  |t Constitución.  |b Primera edición en Ediciones Olejnik.  |d Santiago, Chile : Ediciones Olejnik, 2023  |z 9789564074542 
830 0 |a Biblioteca de derecho constitucional (Ediciones Olejnik)  
856 4 0 |3 Digitalia Hispánica  |u https://www.digitaliapublishing.com/a/157833/ 
910 |a Premium collection: 2025